000 00708cab a2200229 4500
001 WB3238-03
008 090401t1996 xxu||||| |||| 00| 0 eng d
035 _a(Sirsi) u20386
041 _aeng
245 _aProperty a weak link in recovery
260 _c1996
350 _a0
490 _aProperty Week
_v57 (2) 11 October 1996, 14(1)
520 _aAccording to the risk management specialist Syspass, while economic indicators point to recovery, property and construction remain the weakest sectors in the economy.
650 _aECONOMIC INDICATORS
650 _aECONOMY
650 _aPROPERTY MARKET
650 _aSYSPASS
690 _aBUILT ENVIRONMENT
942 _n0
948 _c04/03/1997
999 _c13656
_d13656